000 01112 a2200241 4500
005 20260406123357.0
008 260406b |||||||| |||| 00| 0 eng d
020 _a9788123028101 (pbk)
037 _cTB
040 _aCRL
_cCRL
041 _2hin
_ahin
_hsan
084 _aO15,1A1 152Q8
_qCRL
245 _aसंस्कृति की आंतरिक लय के स्रोत:
_bरामायण, महाभारत और पुराण
260 _aनई दिल्ली, भारत:
_bसस्ता साहित्य मण्डल प्रकाशन,
_c2018.
300 _a162पृ.
365 _b110.00
_cINR
546 _aTranslated from Sanskrit to Hindi
650 _aसंस्कृत कविता
650 _aसंस्कृत साहित्य
700 _aहरि, वियोगी
_eसम्पादक
942 _cTB
_2CC
_hO15,1A1 152Q8
999 _c1467169
_d1467169